Statistics for Does your country have an embassie in__country?

Click here to take the quiz!

General Stats

  • This quiz has been taken 19 times
    (4 since last reset)
  • The average score is 8 of 15

Answer Stats

QuestionAnswer% Correct
Does your country have an embassie in the USAYes
75%
Does your country have an embassie in PolandYes
75%
Does your country have an embassie in BrazilYes
75%
Does your country have an embassie in MexicoYes
75%
Does your country have an embassie in ItalyYes
50%
Does your country have an embassie in CanadaYes
50%
Does your country have an embassie in IrelandYes
50%
Does your country have an embassie in new zealandYes
50%
Does your country have an embassie in AustraliaYes
50%
Does your country have an embassie in FranceYes
50%
Does your country have an embassie in GermanyYes
50%
Does your country have an embassie in Does your country have an embassie in RomaniaYes
25%
Does your country have an embassie in GreeceYes
25%
Does your country have an embassie in ChinaYes
25%
Does your country have an embassie in the united kingdomYes
25%

Score Distribution

Percentile by Number Answered

Percent of People with Each Score

Your Score History

You have not taken this quiz since the last reset